Premier League 2025/26 Summer Signings - Statistics

General Stats
  • This quiz has been taken 149 times
    56 since last reset
  • The average score is 54 of 179
Answer Stats
Hint From Price Nationality Answer % Correct
Arsenal Crystal Palace £67.5m England Eberechi Eze
95%
Arsenal Real Sociedad £56m Spain Martin Zubimendi
89%
Arsenal Chelsea £48.5m England Noni Madueke
89%
Arsenal Sporting £64m Sweden Viktor Gyokeres
89%
Arsenal Chelsea £5m Spain Kepa Arrizabalaga
87%
Arsenal Bayer Leverkusen Loan Ecuador Piero Hincapie
87%
Arsenal Brentford £9m Denmark Christian Norgaard
84%
Arsenal Valencia £13m Spain Cristhian Mosquera
82%
Liverpool Newcastle United £130m Sweden Alexander Isak
71%
Aston Villa Manchester United Loan England Jadon Sancho
71%
Liverpool Bayer Leverkusen £116m Germany Florian Wirtz
68%
Aston Villa Liverpool Loan England Harvey Elliott
68%
Liverpool Eintracht Frankfurt £79m France Hugo Ekitike
68%
Liverpool Bayer Leverkusen £29.5m Netherlands Jeremie Frimpong
68%
Liverpool Bournemouth £40m Hungary Milos Kerkez
68%
Manchester City Paris Saint-Germain £26m Italy Gianluigi Donnarumma
63%
Manchester City Wolverhampton Wanderers £31m Algeria Rayan Ait-Nouri
63%
Aston Villa Manchester United Free Sweden Victor Lindelof
63%
Manchester United RB Leipzig £73.7m Slovenia Benjamin Sesko
61%
Manchester United Brentford £71m Cameroon Bryan Mbeumo
61%
Nottingham Forest Botafogo £10.2m Brazil Jair Cunha
61%
Manchester United Wolverhampton Wanderers £62.5m Brazil Matheus Cunha
61%
Manchester City Milan £46.6m Netherlands Tijjani Reijnders
61%
Newcastle United Nottingham Forest £55m Sweden Anthony Elanga
58%
Manchester United Cerro Porteno £3.3m Paraguay Diego Leon
58%
Liverpool Valencia £25m Georgia Giorgi Mamardashvili
58%
Manchester City Burnley £27m England James Trafford
58%
Manchester City Olympique Lyonnais £30.5m France Rayan Cherki
58%
Manchester United Royal Antwerp £18m Belgium Senne Lammens
58%
Newcastle United Brentford £55m Democratic Republic of Congo Yoane Wissa
58%
Chelsea Ipswich Town £30m England Liam Delap
55%
Chelsea Manchester United £40m Argentina Alejandro Garnacho
53%
Chelsea Borussia Dortmund £48.5m England Jamie Bynoe-Gittens
53%
Chelsea Brighton & Hove Albion £60m Brazil Joao Pedro
53%
Tottenham Hotspur West Ham United £54.5m Ghana Mohamed Kudus
53%
Newcastle United VfB Stuttgart £69m Germany Nick Woltemade
53%
Bournemouth Liverpool £25m Scotland Ben Doak
50%
Bournemouth Chelsea £25m Serbia Djordje Petrovic
50%
Liverpool Parma £26m Italy Giovanni Leoni
50%
Tottenham Hotspur Bayern Munich £30m France Mathys Tel
50%
Tottenham Hotspur RB Leipzig £51.8m Netherlands Xavi Simons
50%
Brentford Liverpool £12.5m Ireland Caoimhin Kelleher
47%
Burnley Chelsea £20m Albania Armando Broja
45%
Chelsea Palmeiras £28.6m Brazil Estevao
45%
Aston Villa OGC Nice £30.5m Ivory Coast Evan Guessand
45%
Newcastle United Aston Villa £39m England Jacob Ramsey
45%
Chelsea Ajax £38m Netherlands Jorrel Hato
45%
Newcastle United Milan £34.6m Germany Malick Thiaw
45%
Tottenham Hotspur Paris Saint-Germain Loan France Randal Kolo-Muani
45%
Everton Manchester City Loan England Jack Grealish
42%
Tottenham Hotspur RC Lens £21m Austria Kevin Danso
42%
Nottingham Forest Ipswich Town £37.5m England Omari Hutchinson
42%
Brentford AFC Bournemouth £42.5m Burkina Faso Dango Ouattara
39%
Liverpool Preston North End Free England Freddie Woodman
39%
Tottenham Hotspur Bayern Munich Loan Portugal Joao Palhinha
39%
Everton Chelsea £28m England Kiernan Dewsbury-Hall
39%
Manchester City Chelsea Undisclosed England Marcus Bettinelli
39%
Sunderland Bayer Leverkusen £13m Switzerland Granit Xhaka
37%
Nottingham Forest Manchester City £30m England James McAtee
37%
Everton Southampton £42m England Tyler Dibling
37%
Crystal Palace Villarreal £21.5m Spain Yeremy Pino
37%
Bournemouth Rennes £11.4m France Adrien Truffert
34%
Bournemouth Bayer Leverkusen £25.1m Morocco Amine Adli
34%
Nottingham Forest Botafogo £10m Brazil Igor Jesus
34%
Brentford Fiorentina £13.5m Italy Michael Kayode
34%
Everton Villareal £27m France Thierno Barry
34%
Nottingham Forest Arsenal Loan Ukraine Oleksandr Zinchenko
32%
Newcastle United Southampton Loan England Aaron Ramsdale
29%
Chelsea Brighton & Hove Albion Loan Argentina Facundo Buonanotte
29%
Brentford Ajax Free England Jordan Henderson
29%
Burnley Chelsea £23m France Lesley Ugochukwu
29%
West Ham United Newcastle United Free England Callum Wilson
26%
Nottingham Forest Juventus Loan Brazil Douglas Luiz
26%
West Ham United Slavia Praha £22m Senegal El Hadji Malick Diouf
26%
Fulham Shakhtar Donetsk £34.5m Brazil Kevin
26%
West Ham United Leicester City £18m Denmark Mads Hermansen
26%
Aston Villa Brest Undisclosed Netherlands Marco Bizot
26%
West Ham United Southampton £38m Portugal Mateus Fernandes
26%
Brighton & Hove Albion Club Brugge £17.5m Belgium Maxim De Cuyper
26%
Leeds United Milan £18m Switzerland Noah Okafor
26%
Sunderland Paris Saint-Germain £10.3m France Nordi Mukiele
26%
Fulham Milan Loan Nigeria Samuel Chukwueze
26%
Leeds United Newcastle United £12m England Sean Longstaff
26%
Manchester City Rosenborg £12.4m Norway Sverre Nypan
26%
Leeds United Hoffenheim £17m Germany Anton Stach
24%
Bournemouth LOSC Lille £34.5m France Bafode Diakite
24%
Nottingham Forest Bologna £34m Switzerland Dan Ndoye
24%
Chelsea Sporting £18.5m Portugal Dario Essugo
24%
Sunderland Strasbourg £30m Senegal Habib Diarra
24%
Burnley VfB Stuttgart £3.5m Denmark Jacob Bruun Larsen
24%
Wolverhampton Wanderers Celta Vigo £23m Norway Jorgen Strand Larsen
24%
Burnley Manchester City £5m England Kyle Walker
24%
Burnley Newcastle United Undisclosed Slovakia Martin Dubravka
24%
Sunderland Brighton & Hove Albion £21m Cote d'Ivoire Simon Adingra
24%
Bournemouth Milan Loan Spain Alex Jimenez
21%
Liverpool Puskas Akademia £1.5m Hungary Armin Pesci
21%
Sunderland Ajax £2.5m Burkina Faso Bertrand Traore
21%
Crystal Palace Ajax £3m Croatia Borna Sosa
21%
Everton Flamengo £13m Argentina Carlos Alcaraz
21%
WolverhamptonWanderers AZ Alkmaar £10m Norway David Moller Wolfe
21%
Leeds United Everton Free England Dominic Calvert- Lewin
21%
Sunderland Chelsea Loan Spain Marc Guiu
21%
Burnley Sporting £8.4m England Marcus Edwards
21%
Brentford Arsenal Loan England Reiss Nelson
21%
Crystal Palace PSV Free Argentina Walter Benitez
21%
Burnley Millwall Undisclosed Netherlands Zian Flemming
21%
Burnley Ipswich Town Free Democratic Republic of Congo Axel Tuanzebe
18%
Brighton & Hove Albion Olympiacos £29.8m Greece Charalampos Kostoulas
18%
Brighton & Hove Albion Verona £9.7m Italy Diego Coppola
18%
West Ham United Nice £32.8m France Jean-Clair Todibo
18%
Tottenham Hotspur Kawasaki Frontale £5m Japan Kota Takai
18%
West Ham United Southampton Free England Kyle Walker-Peters
18%
Leeds United Wolfsburg Free Germany Lukas Nmecha
18%
Chelsea Strasbourg £12m France Mamadou Sarr
18%
Nottingham Forest Juventus £11.2m Italy Nicolo Savona
18%
Brighton & Hove Albion PSV Free France Olivier Boscagli
18%
Sunderland NEC Nijmegen £9.1m Netherlands Robin Roefs
18%
Brighton & Hove Albion Sunderland £10m England Tom Watson
18%
Brentford Feyenoord £16m Netherlands Antoni Milambo
16%
Sunderland Club Brugge £19.5m Morocco Chemsdine Talbi
16%
Crystal Palace Getafe Loan Nigeria Christantus Uche
16%
Sunderland Roma £20m France Enzo Le Fee
16%
Leeds United Leicester City £10m England James Justin
16%
Wolverhampton Wanderers Fluminense £15m Colombia Jhon Arias
16%
Leeds United Lyon £13m Brazil Lucas Perri
16%
Sunderland Atletico Madrid Free Mozambique Reinildo Mandava
16%
Nottingham Forest Rennes £26m France Arnaud Kalimuendo
13%
Sunderland Besiktas Free Democratic Republic of Congo Arthur Masuaku
13%
Burnley Benfica Loan Portugal Florentino Luis
13%
Leeds United Lille £10m Sweden Gabriel Gudmundsson
13%
West Ham United Brighton & Hove Albion Loan Brazil Igor Julio
13%
Burnley Bournemouth Undisclosed England Jaidon Anthony
13%
Leeds United Udinese £15m Slovenia Jaka Bijol
13%
Wolverhampton Wanderers Girona Loan Czech Republic Ladislav Krejci
13%
Everton Bournemouth £4m Ireland Mark Travers
13%
Aston Villa LASK £4m Senegal Modou Keba Cisse
13%
Nottingham Forest Norwich Free Scotland Angus Gunn
11%
Burnley Chelsea Undisclosed England Bashir Humphreys
11%
Fulham Montpellier £430k France Benjamin Lecomte
11%
Nottingham Forest Botafogo £6.9m Brazil John Victor
11%
Sunderland RB Leipzig Loan Netherlands Lutsharel Geertruida
11%
Arsenal Chelsea Free England Marcell Washington
11%
Sunderland Union Saint Gilloise £15m Democratic Republic of Congo Noah Sadiki
11%
West Ham United AS Monaco £17.3m France Soungoutou Magassa
11%
Wolverhampton Wanderers Genk £24m Nigeria Tolu Arokodare
11%
Bournemouth Red Star Belgrade £13m Serbia Veljko Milosavljevic
11%
Aston Villa Kasimpasa Undisclosed Turkey Yazin Ozcan
11%
Aston Villa Feyenoord Free Netherlands Zepiqueno Redmond
11%
Everton Bayern Munich £8m Morocco Adam Aznou
8%
Newcastle United Malaga Free Agent Spain Antonio Cordero
8%
Nottingham Forest Strasbourg £35m France Dilane Bakwa
8%
Chelsea Strasbourg Undisclosed England Ishe Samuels-Smith
8%
Crystal Palace Toulouse £23m France Jaydee Canvot
8%
Brentford Aston Villa Free England Kyrie Pierre
8%
Everton Freiburg Loan Germany Merlin Rohl
8%
Sunderland Getafe £10m Paraguay Omar Alderete
8%
Brentford Birmingham City Undisclosed England Romelle Donovan
8%
Everton Wolverhampton Wanderers Undisclosed fee Wales Tom King
8%
Brighton & Hove Albion Daejon Hana Citizen Undisclosed South Korea Yoon Do-Young
8%
West Ham United Concord Rangers Undisclosed England Connor Brooks
5%
Nottingham Forest Botafogo Undisclosed Brazil Cuiabano
5%
West Ham United Celtic Free Scotland Daniel Cummings
5%
Fulham Bayern Munich Loan Sweden Jonah Kusi-Asare
5%
Brighton & Hove Albion Bristol Rovers Undisclosed England Kofi Shaw
5%
Nottingham Forest Olympiacos Undisclosed Gambia Lamin Sillah
5%
Nottingham Forest Chelsea Free England Luke Campbell
5%
Burnley Karlsruhe £4.3m Germany Max Weiss
5%
Brighton & Hove Albion Eintracht Frankfurt Free Sweden Nils Ramming
5%
Newcastle United Suwon Bluewings Undisclosed South Korea Park Seung-soo
5%
Burnley Feyenoord £10.2m Netherlands Quilindschy Hartman
5%
Brighton & Hove Albion Dundalk Undisclosed Ireland Sean Keogh
5%
Leeds United Wolfsburg £5.1m Belgium Sebastiaan Bornauw
5%
Wolverhampton Wanderers Celta Vigo £19m Spain Fer Lopez
3%
Wolverhampton Wanderers Verona £10.8m Cameroon Jackson Tchatchoua
3%
Chelsea Crystal Palace Undisclosed England Jesse Derry
3%
Chelsea Preston Free England Kian Best
3%
Burnley Lazio £13m France Loum Tchaouna
3%
Tottenham Hotspur Hajduk Split £12m Croatia Luka Vuksovic
3%
Sunderland Coleraine Undisclosed Northern Ireland Matthew Burns
3%
No matching quizzes found
Score Distribution
Percent of People with Each Score
Percentile by Number Answered
Your Score History
You have not taken this quiz since the last reset